[Event "Mazowieckie-chT 0405"]
[Site "Poland"]
[Date "2005.02.27"]
[Round "10"]
[White "Kudla, Andrzej"]
[Black "Budrewicz, Henryk"]
[Result "1/2-1/2"]
[WhiteElo "2089"]
[BlackElo "2000"]
[PlyCount "54"]
[EventDate "2004.10.03"]
[EventType "team-tourn"]
[EventRounds "10"]
[EventCountry "POL"]
[SourceTitle "EXT 2019"]
[Source "ChessBase"]
[SourceDate "2018.10.10"]
[SourceVersion "1"]
[SourceVersionDate "2018.10.10"]
[SourceQuality "1"]

1. c4 Nf6 2. Nc3 e6 3. e4 c5 4. e5 Ng8 5. Nf3 d6 6. d4 cxd4 7. Qxd4 Nc6 8. Qf4 dxe5 9. Nxe5 Nxe5 10. Qxe5 Nf6 11. Nb5 Bb4+ 12. Nc3 Bxc3+ 13. Qxc3 0-0 14. Bd3 Qc7 15. Bg5 Ng4 16. Be2 Qc5 17. Bh4 e5 18. 0-0 e4 19. b4 Qe5 20. Qg3 Qxg3 21. Bxg3 Rd8 22. Rad1 Be6 23. a3 g5 24. f3 Ne3 25. Rxd8+ Rxd8 26. Rc1 exf3 27. gxf3 Rd2 1/2-1/2